| 000 | 01255nam a2200301Ia 4500 | ||
|---|---|---|---|
| 003 | data | ||
| 005 | 20260322212033.0 | ||
| 008 | data | ||
| 020 | _a0201608162 | ||
| 020 | _a9780201608168 | ||
| 040 |
_aSZR _cSZR _dTOL |
||
| 099 | _aBALTEM | ||
| 100 | 1 |
_aBalter, Marie, _d1930- |
|
| 245 | 1 | 0 |
_aNobody's child / _cMarie Balter & Richard Katz. |
| 260 |
_a[Cambridge, Mass.] : _bDa Capo Press, _cc1991. |
||
| 300 |
_axxi, 203 p., [4] p. of plates : _bill. ; _c22 cm. |
||
| 500 | _aReprint, with new pref. Originally published: Sing no sad songs. Massachusetts : Balter Institute, c1987. | ||
| 500 | _a"A Merloyd Lawrence book." | ||
| 505 | 0 | _aA place of terror -- Ma and Pa -- St. Therese's Home -- The castle -- "This is your mother" -- Back home to the castle -- "Treatments" -- The outside world -- Back ward -- "I'm really crazy now" -- Fighting for my life -- Step-by-step -- Joe -- Healing work -- Harvard -- A voice for the mentally ill. | |
| 600 | 1 | 0 |
_aBalter, Marie, _d1930- _xMental health. |
| 650 | 0 | _aMental illness. | |
| 650 | 0 | _aMental health. | |
| 650 | 0 | _aPsychiatric hospital patients. | |
| 650 | 0 |
_aPsychoses _xPatients _zUnited States _vBiography. |
|
| 650 | 0 |
_aMentally ill _xAbuse of. |
|
| 700 | 1 |
_aKatz, Richard, _d1937- |
|
| 001 | data | ||
| 999 |
_c773 _d773 |
||